00583cam a22001692 4500001001100000005001700011008004100028040001500069110006100084245007800145250001300223260004200236300001600278610006000294610005600354852000300410000002481720151217155917.0140212s xx 000 0 eng d aKABUcKABU2 aKenya.bMinistry of Devolution and Planning.@000018505810aNakuru County development profile /cMinistry of Devolution and Planning. a1st ed. aNairobi :bGovernment Printer,c2013. axix, 157 p.20aNakuru County (Kenya)xEconomic conditions.@000018508520aNakuru County (Kenya)xEconomic policy.@00001850851